000 00508cam a2200193ua 4500
001 2213
005 20260515113448.0
008 111126n ii |||gr||||Z||||||asm
040 _cMAIN
082 _a370
100 _aDevi, Renu ,
_eAuthor.
245 1 _aAdhunik shikshatattwa aru niti
_cby Renu Devi
250 _a1st.
260 _aGuahati:
_bSecretary university co-ordination committee,974.
300 _a233p:
_c23cm.
653 _aEducation
653 _aAdhunik shikshatattwa aru niti
942 _cBK
999 _c2079
_d2079